000 00655nam a2200289Ia 4500
005 20260324143726.0
008 008 260324s9999 xx 000 0 eng d
020 _a9781315286457
037 _aEBOOK
040 _aCRL
040 _beng
040 _cCRL
041 _2eng
041 _aeng
084 _qCRL
100 _aChen Xuezhao
_91216697
245 0 _aSurviving the Storm: A Memoir
245 2 _bA Memoir
260 _bTaylor and Francis
260 _c1991
365 _a
365 _b255
856 _uhttp://www.taylorfrancis.com/books/9781315286457
942 _cEBOOK
999 _c1822429
_d1822429